000 00453nam a2200145Ia 4500
008 221007s9999 xx 000 0 und d
041 _aeng
082 _bVAR
100 _aVarsha Ghavate - 2k181077 & Dr. Ashok Pawar - Guide
_9105101
245 _aDigital Marketing Campaign Held To Increase Brand Awarence And Generate Leads
260 _c2019
_bSavitribai Phule Pune University
_aPune
300 _a65p
_cHard Bound
440 _v1
906 _bGeneral
999 _c80001
_d80001